Funções trigonométricas 2 (Record no. 142485)

MARC details
000 -LÍDER
campo de controle de tamanho fixo 00810 a2200181 4500
001 - NÚMERO DE CONTROLE
campo de controle 142485
040 ## - FONTE DA CATALOGAÇÃO
Instituição que transcreveu o registro Leonardo Da Vinci
041 ## - CÓDIGO DE IDIOMA
Código do idioma do texto/trilha sonora ou título diferente Português
082 ## - CDD - CLASSIFICAÇÃO DECIMAL DE DEWEY
Número de Classificação v223
100 ## - ENTRADA PRINCIPAL--NOME PESSOAL
Nome pessoal EDUCACIONAL SHOP VIDEO
245 ## - TÍTULO
Título Funções trigonométricas 2
Restante do título ondas senoidais: o plano cartesiano vem a vida
250 ## - EDIÇÃO
Edição v.1-2
260 ## - PUBLICAÇÃO, DISTRIBUIÇÃO, ETC.
Nome do editor, distribuidor, etc. ESV
Local de publicação, distribuição, etc. São Paulo
490 ## - TÍTULO DA SÉRIE
Título da série TV Ontario
520 ## - NOTA DE RESUMO, ETC
Resumo, etc. As funções de seno, co-seno e tangente são introduzidas através de<br/>um exame em seus gráficos no plano cartesiano. É revelado que o gráfico<br/>para co-seno pode ser transformado em um gráfico de seno através de uma<br/>fase de mudança simples
697 ## - ENTRADA DE ASSUNTO LOCAL--ENTIDADE COLETIVA (RLIN)
Nome corporativo ou nome da jurisdição Função Trigonométrica
-- Medidas em radianos
-- Seno
-- Amplitude
-- Período
-- Co-seno
-- Tangente
-- Ondas senoidais
-- Aplicações das ondas senoidais
942 ## - ELEMENTOS DE ENTRADA ADICIONADOS (KOHA)
Tipo de material Koha Materiais visuais
Holdings
Situação do descarte Situação das perdas Situação física Não pode ser emprestado Biblioteca de origem Biblioteca atual Data de aquisição Total de empréstimos Número de chamada completo Código de barras Data de último acesso Data do preço efetivo Tipo de material Koha
        Leonardo Da Vinci - Alphaville 1 Leonardo Da Vinci - Alphaville 1 27/03/2024   v223 A0232LVA 27/03/2024 27/03/2024 Materiais visuais